first 200 comments' questions will be added - Statistics

General Stats
  • This quiz has been taken 17 times
    6 since last reset
  • The average score is 3 of 7
Answer Stats
Hint Answer % Correct
(izna) What number means death in Chinese and Japanese culture? 4
83%
(CapitalsIsMyGoal) In Kiribati, there are 5 widely known (not by Americans) places in Kiribati all in the same island, including its capital. In which of these 5 places is the same as another country? Poland
67%
(XYU) What is the largest moon in the solar system? Ganymede
50%
(CapitalsIsMyGoal) Which country owns Qeshm? Iran
50%
(Eomer) "We cannot achieve victory through strength of arms." Eomer
17%
(TheForsakenFurby) What important organ has stegosaurus been (probably incorrectly) described as having two of? The Brain
17%
(Marille35) From which movie franchise is the quote "A Queen is never late. Everyone else is simply early" ? The Princess Diaries
17%
No matching quizzes found
Score Distribution
Percent of People with Each Score
Percentile by Number Answered
Your Score History
You have not taken this quiz since the last reset